00435cam a22001097a 4500008003800000082001500038245006900053260005700122500005800179650003200237700005600269180718b-- xxu||||| |||| 00| 0 eng d aL906x54112 aReport of the Comptroller and Auditor General of India, Nagaland aKohimabComptroller and Auditor General of Indiac-- aLibrary has 1991/92-2004/05, 2006/07-2007/08, 2010/11 aAuditing - India - Nagaland aNagaland. Comptroller and Auditor General of India.